|
|
|
|
| LEADER |
00749nam a22002412a 4500 |
| 001 |
000893804 |
| 003 |
CZ BrMZK |
| 005 |
20220328120103.0 |
| 007 |
ta |
| 008 |
080419s1972 xxu er 000 0 eng d |
| 040 |
|
|
|a BOA001
|b cze
|
| 080 |
9 |
|
|a 820(73)-312.9=2
|
| 100 |
1 |
|
|a Heinlein, Robert A.
|q (Robert Anson),
|d 1907-1988
|7 jn19990003337
|4 aut
|
| 245 |
1 |
2 |
|a I will fear no evil /
|c Robert A. Heinlein
|
| 250 |
|
|
|a 6. print.
|
| 260 |
|
|
|a New York :
|b Berkley Medallion Book,
|c 1972
|
| 300 |
|
|
|a 512 s.
|
| 490 |
1 |
|
|a Science fiction
|
| 830 |
|
0 |
|a Science fiction (Berkley Medallion Book)
|
| 910 |
|
|
|a BOA001
|b 1-0871.053
|
| 990 |
|
|
|a BK
|
| 991 |
|
|
|b 200804
|
| 996 |
7 |
|
|b 2619587788
|c 1-0871.053
|l MZK
|r Sklad / do 1 hodiny
|n 1
|w 000893804
|u 000010
|a 1
|e BOA001
|j MZK50
|s A
|